| 000 | 00337nam a22001337a 4500 | ||
|---|---|---|---|
| 008 | 181029b xxu||||| |||| 00| 0 eng d | ||
| 020 | _a2740220109371 | ||
| 041 | _aeng | ||
| 080 |
_24 ed _a573 |
||
| 100 | _a11 | ||
| 101 | _aBIO | ||
| 245 |
_aThinking About Biology An Introductory Laboratory Manual _cBres.M |
||
| 942 |
_2udc _cBK |
||
| 999 |
_c50986 _d50986 |
||